000 006740000a22002290004500
003 LK-CoMWRAF
005 20231030144024.0
008 230817t1991 ||||| |||| 00| 0 eng d
020 _a086232985X
040 _aLK-CoMWRAF
_dLK-CoMWRAF
_eLK-CoMWRAF
041 _aeng
082 _a305.42
_bWOM
245 _aWomen and the Environment
260 _aLondon
_bZed Books
_c1991
300 _avii, 180 p. : ill. ; 24 cm.
_bBibliography and index included
490 _aWomen and world development series
650 _aWOMEN IN DEVELOPMENT
650 _aWomen and the environment.
650 _aWomen-Social conditions.
700 _aRodda, Annabel.
_ecomp.
942 _cBK
999 _c1161
_d1161